نبذة تاريخية عن الدعوة الاسماعيلية فى شمال الهند : فى مراحلها الاولى/ The Beginnings of The Ismācīlī Da Wa In Northern India

محفوظ في:

المؤلف الرئيسي: عباس بن حسين الهمدانى .

التنسيق: كتاب

اللغة: Undetermined

منشور في: Cairo The Hamdani Institute Of Islamic Studies 1956

سلاسل: Islamic Studies Series No.1

الموضوعات:

الوسوم: إضافة وسم

لا توجد وسوم, كن أول من يضع وسما على هذه التسجيلة!

رقم الطلب: O50 HAMA

LEADER 00760nam a2200157Ia 4500
008 240404s9999||||xx |||||||||||||| ||und||
050 4 |a O50 HAMA 
100 1 |a عباس بن حسين الهمدانى . 
245 1 0 |a نبذة تاريخية عن الدعوة الاسماعيلية فى شمال الهند : فى مراحلها الاولى/ The Beginnings of The Ismācīlī Da Wa In Northern India  |c عباس بن حسين الهمدانى  
264 1 |a Cairo  |b The Hamdani Institute Of Islamic Studies  |c 1956 
300 |a 16  |c 24 
490 0 |a Islamic Studies Series No.1 
500 |a يوجد ايضا في الفهرست الافرنجي حسب al-Hamdani, Abbas Hussain العنوان فى الغلاف  
650 4 |a Shīʻah 
942 |2 lcc  |c BK 
999 |c 58078  |d 58078